Sosyal yaşıyorum sosyal düşünüyorum / (Record no. 200464467)
[ view plain ]
| 000 -LEADER | |
|---|---|
| fixed length control field | 01148cam a2200337 i 4500 |
| 001 - CONTROL NUMBER | |
| control field | 200464467 |
| 003 - CONTROL NUMBER IDENTIFIER | |
| control field | TR-AnTOB |
| 005 - DATE AND TIME OF LATEST TRANSACTION | |
| control field | 20250526104645.0 |
| 007 - PHYSICAL DESCRIPTION FIXED FIELD--GENERAL INFORMATION | |
| fixed length control field | ta |
| 008 - FIXED-LENGTH DATA ELEMENTS--GENERAL INFORMATION | |
| fixed length control field | 250526s2021 tu a|||j |||| 00| j tur d |
| 020 ## - INTERNATIONAL STANDARD BOOK NUMBER | |
| International Standard Book Number | 9786054395651 |
| 040 ## - CATALOGING SOURCE | |
| Original cataloging agency | TR-AnTOB |
| Language of cataloging | eng |
| Description conventions | rda |
| Transcribing agency | TR-AnTOB |
| 041 0# - LANGUAGE CODE | |
| Language code of text/sound track or separate title | Türkçe |
| 050 1# - LIBRARY OF CONGRESS CALL NUMBER | |
| Classification number | PL248.Y553 |
| 090 ## - LOCALLY ASSIGNED LC-TYPE CALL NUMBER (OCLC); LOCAL CALL NUMBER (RLIN) | |
| Classification number (OCLC) (R) ; Classification number, CALL (RLIN) (NR) | JUN PL248.Y553 |
| Local cutter number (OCLC) ; Book number/undivided call number, CALL (RLIN) | S6 2021 |
| 100 1# - MAIN ENTRY--PERSONAL NAME | |
| Personal name | Yıldız, Eda |
| Relator term | author |
| 9 (RLIN) | 148854 |
| 245 10 - TITLE STATEMENT | |
| Title | Sosyal yaşıyorum sosyal düşünüyorum / |
| Statement of responsibility, etc. | Eda Yıldız, Deniz Umut ; çizgiler Behzat Taş, Abdülkadir Tamer. |
| 246 30 - VARYING FORM OF TITLE | |
| Title proper/short title | Sosyal yaşıyorum sosyal düşünüyorum 1. |
| 264 #1 - PRODUCTION, PUBLICATION, DISTRIBUTION, MANUFACTURE, AND COPYRIGHT NOTICE | |
| Place of production, publication, distribution, manufacture | İstanbul : |
| Name of producer, publisher, distributor, manufacturer | Okuryazar Yayınevi, |
| Date of production, publication, distribution, manufacture, or copyright notice | 2021. |
| 300 ## - PHYSICAL DESCRIPTION | |
| Extent | 112 pages : |
| Other physical details | illustrations ; |
| Dimensions | 21 cm |
| 336 ## - CONTENT TYPE | |
| Content type term | text |
| Content type code | txt |
| Source | rdacontent |
| 337 ## - MEDIA TYPE | |
| Media type term | unmediated |
| Media type code | n |
| Source | rdamedia |
| 338 ## - CARRIER TYPE | |
| Carrier type term | volume |
| Carrier type code | nc |
| Source | rdacarrier |
| 490 #0 - SERIES STATEMENT | |
| Series statement | Kültürel Miras Serisi. |
| 653 ## - INDEX TERM--UNCONTROLLED | |
| Uncontrolled term | Çocuk edebiyatı |
| -- | Aile ilişkileri |
| -- | Hayvanlar |
| -- | Eski yapılar |
| 700 1# - ADDED ENTRY--PERSONAL NAME | |
| Personal name | Umut, Deniz |
| Relator term | author |
| 9 (RLIN) | 148855 |
| Personal name | Taş, Behzat |
| Relator term | illustrator |
| 9 (RLIN) | 148856 |
| Personal name | Tamer, Abdülkadir |
| Relator term | illustrator |
| 9 (RLIN) | 148857 |
| 942 ## - ADDED ENTRY ELEMENTS (KOHA) | |
| Source of classification or shelving scheme | Library of Congress Classification |
| Koha item type | Book |
| Withdrawn status | Lost status | Source of classification or shelving scheme | Materials specified (bound volume or other part) | Not for loan | Collection code | Home library | Current library | Shelving location | Date acquired | Source of acquisition | Inventory number | Total Checkouts | Full call number | Barcode | Date last seen | Date shelved | Koha item type | Public note |
|---|---|---|---|---|---|---|---|---|---|---|---|---|---|---|---|---|---|---|
| Other/Generic Classification Scheme | v.1 | Ödünç Verilebilir / Available | Çocuk Kİtapları / Children's Collection | Merkez Kütüphane | Merkez Kütüphane | Çocuk Koleksiyonu / Junior Collection | 24/02/2025 | Bağış / Donation | TDE | JUN PL248.Y553 S6 2021 v.1 | 0072247 | 26/05/2025 | 26/05/2025 | Book | Donated by Aslıhan Arıkan |
